[Event "San Jose Metropolitano U14 op 45th"]
[Site "San Jose"]
[Date "2024.12.28"]
[Round "5"]
[White "Corrales Corrales, Ana Maria"]
[Black "Alvarado Machado, Bryan Alberto"]
[Result "0-1"]
[WhiteElo "1472"]
[BlackElo "1642"]
[PlyCount "70"]
[EventDate "2024.12.27"]
[EventType "tourn"]
[EventRounds "9"]
[EventCountry "CRI"]
[SourceTitle "CB02_2025"]
[SourceDate "2025.01.08"]
[SourceVersion "1"]
[SourceVersionDate "2025.01.08"]
[SourceQuality "1"]

1. Nf3 c5 2. c4 Nc6 3. e3 e5 4. Nc3 g6 5. b3 Bg7 6. e4 Nge7 7. Bb2 d6 8. d3 Be6 9. Ne2 0-0 10. Ng3 f5 11. exf5 Nxf5 12. Ne4 Qd7 13. Be2 Rae8 14. 0-0 h6 15. a4 a5 16. Qd2 b6 17. Nh4 Nxh4 18. g3 Nf5 19. f4 Nfd4 20. Bd1 exf4 21. Rxf4 Rxf4 22. Qxf4 Rf8 23. Qxd6 Qxd6 24. Nxd6 Nf3+ 25. Bxf3 Bxb2 26. Rf1 Bh3 27. Rf2 Bd4 28. Bd5+ Kg7 29. Ne4 Nb4 30. Bf7 Rxf7 31. g4 Nxd3 32. g5 Bxf2+ 33. Nxf2 Rxf2 34. gxh6+ Kf7 35. h7 Rf1# 0-1

[Event "American Continental Rapid 18th"]
[Site "Medellin"]
[Date "2024.06.01"]
[Round "5"]
[White "Alvarado Machado, Bryan Alberto"]
[Black "Dominguez Rincon, Miller Duvan"]
[Result "0-1"]
[WhiteElo "1586"]
[BlackElo "2003"]
[PlyCount "56"]
[EventDate "2024.06.01"]
[EventType "swiss (rapid)"]
[EventRounds "9"]
[EventCountry "COL"]
[SourceTitle "CBM 220 Extra"]
[Source "ChessBase"]
[SourceDate "2024.07.31"]
[SourceVersion "1"]
[SourceVersionDate "2024.07.31"]
[SourceQuality "1"]

1. e4 e5 2. Nf3 Nc6 3. d4 exd4 4. Nxd4 Bc5 5. Nb3 Bb6 6. Nc3 d6 7. Bf4 Nf6 8. f3 Qe7 9. Qd2 Be6 10. 0-0-0 0-0-0 11. Nd5 Bxd5 12. exd5 Ne5 13. a4 a6 14. Bd3 Kb8 15. Be4 Rhe8 16. Qc3 Qd7 17. Qb4 Neg4 18. Bg3 Nxe4 19. fxe4 Re7 20. Nd4 a5 21. Qe1 Qxa4 22. Bh4 f6 23. Nb3 Rxe4 24. Qc3 Ne3 25. Rde1 Rc4 26. Qd3 Nxc2 27. Kd2 Nxe1 28. Rxe1 Rxh4 0-1

[Event "American Continental Rapid 18th"]
[Site "Medellin"]
[Date "2024.06.01"]
[Round "9"]
[White "Alvarado Machado, Bryan Alberto"]
[Black "Giraldo, Marco"]
[Result "0-1"]
[WhiteElo "1586"]
[BlackElo "1855"]
[PlyCount "112"]
[EventDate "2024.06.01"]
[EventType "swiss (rapid)"]
[EventRounds "9"]
[EventCountry "COL"]
[SourceTitle "CBM 220 Extra"]
[Source "ChessBase"]
[SourceDate "2024.07.31"]
[SourceVersion "1"]
[SourceVersionDate "2024.07.31"]
[SourceQuality "1"]

1. e4 c5 2. Nf3 e6 3. Be2 Nc6 4. 0-0 Nf6 5. Nc3 d6 6. d4 cxd4 7. Nxd4 Be7 8. Be3 0-0 9. f4 Qc7 10. Rf3 Ng4 11. Ndb5 Qb8 12. Qd2 Nxe3 13. Rxe3 a6 14. Nd4 Qa7 15. Nxc6 bxc6 16. Kh1 d5 17. Rg3 Rd8 18. f5 exf5 19. Qh6 Bf8 20. exf5 Bxf5 21. Qxc6 Rac8 22. Qf6 Bxc2 23. Qxa6 Qxa6 24. Bxa6 Rc6 25. Bd3 Bxd3 26. Rxd3 d4 27. Nb5 Rdc8 28. Rdd1 Rc2 29. Nxd4 Rxb2 30. a4 Ra8 31. Nb5 g6 32. h3 Rb4 33. Rd4 Rxd4 34. Nxd4 Bg7 35. Rd1 Rd8 36. Kg1 Rxd4 37. Rxd4 Bxd4+ 38. Kf1 Kf8 39. Ke2 Ke7 40. Kd3 Ba7 41. Kc4 Kd6 42. Kb5 f5 43. Ka6 Be3 44. Kb7 g5 45. a5 h5 46. a6 g4 47. hxg4 hxg4 48. Ka8 f4 49. a7 Bxa7 50. Kxa7 f3 51. gxf3 gxf3 52. Kb8 f2 53. Kb7 f1Q 54. Kb6 Qb1+ 55. Ka7 Qb5 56. Ka8 Kc7 0-1

[Event "American Continental 18th"]
[Site "Medellin"]
[Date "2024.05.30"]
[Round "9"]
[White "Figueroa Rincon, Cesar Fabian"]
[Black "Alvarado Machado, Bryan Alberto"]
[Result "1-0"]
[WhiteElo "1845"]
[BlackElo "1586"]
[PlyCount "65"]
[EventDate "2024.05.24"]
[EventType "swiss"]
[EventRounds "11"]
[EventCountry "COL"]
[SourceTitle "CBM 220 Extra"]
[Source "ChessBase"]
[SourceDate "2024.07.31"]
[SourceVersion "1"]
[SourceVersionDate "2024.07.31"]
[SourceQuality "1"]

1. e4 e5 2. Nf3 Nc6 3. Bb5 a6 4. Ba4 Nf6 5. 0-0 b5 6. Bb3 Be7 7. Re1 0-0 8. a4 Bb7 9. Nc3 b4 10. Nd5 Nd4 11. Nxd4 exd4 12. Nxe7+ Qxe7 13. d3 h6 14. e5 Rfe8 15. Bd2 Nh7 16. Qg4 Kh8 17. Qxd4 c5 18. Qd6 Qh4 19. Qxd7 Re7 20. Qf5 Rd8 21. f4 Bc8 22. Qe4 Nf6 23. Qf3 Nh5 24. Qf2 Qg4 25. h3 Qg6 26. Kh2 f5 27. exf6 Rxe1 28. fxg7+ Nxg7 29. Rxe1 Bb7 30. Be3 Rf8 31. Re2 Kh7 32. Bxc5 Rxf4 33. Qxf4 1-0

[Event "American Continental Blitz 18th"]
[Site "Medellin"]
[Date "2024.05.29"]
[Round "6"]
[White "Lopez, Ricardo Andres"]
[Black "Alvarado Machado, Bryan Alberto"]
[Result "1-0"]
[WhiteElo "1837"]
[BlackElo "1586"]
[PlyCount "42"]
[EventDate "2024.05.29"]
[EventType "swiss (blitz)"]
[EventRounds "9"]
[EventCountry "COL"]
[SourceTitle "CBM 220 Extra"]
[Source "ChessBase"]
[SourceDate "2024.07.31"]
[SourceVersion "1"]
[SourceVersionDate "2024.07.31"]
[SourceQuality "1"]

1. e4 e5 2. Nf3 Nc6 3. d4 exd4 4. Nxd4 Nf6 5. Nxc6 bxc6 6. e5 Nd5 7. c4 Bb4+ 8. Bd2 Bxd2+ 9. Nxd2 Nb6 10. Bd3 0-0 11. 0-0 d5 12. Qc2 Bb7 13. Bxh7+ Kh8 14. Qd3 g6 15. Qh3 Kg7 16. e6 Rh8 17. Qf3 Qf6 18. c5 Nc4 19. Nxc4 Qxf3 20. gxf3 dxc4 21. Rfe1 Rae8 1-0

[Event "Iberoamerican-ch 9th"]
[Site "Panama City"]
[Date "2023.12.01"]
[Round "8"]
[White "Alvarado Machado, Bryan Alberto"]
[Black "Caicedo Rios, Layla Yasmira"]
[Result "1/2-1/2"]
[WhiteElo "1268"]
[BlackElo "1592"]
[PlyCount "62"]
[EventDate "2023.11.25"]
[EventType "swiss"]
[EventRounds "9"]
[EventCountry "PAN"]
[SourceTitle "EXT 2025"]
[Source "ChessBase"]
[SourceDate "2024.10.14"]
[SourceVersion "1"]
[SourceVersionDate "2024.10.14"]
[SourceQuality "1"]

1. e4 c5 2. Nf3 d6 3. d4 cxd4 4. Nxd4 Nf6 5. Nc3 a6 6. Be2 e5 7. Nf3 Be7 8. 0-0 0-0 9. a4 Nc6 10. b3 Be6 11. Ba3 Qa5 12. Qd2 Rac8 13. Bd3 Nd4 14. Nxd4 exd4 15. Nb1 Qh5 16. Qf4 Rfd8 17. Nd2 Qg4 18. Qxg4 Nxg4 19. Nf3 Bf6 20. Bb2 Ne5 21. Bxd4 Nxd3 22. cxd3 Bxb3 23. Rab1 Bc2 24. Rxb7 Bxd3 25. Bb6 Rb8 26. Rxb8 Rxb8 27. Bc7 Rb7 28. Bxd6 Bxe4 29. Re1 Rb1 30. Rxb1 Bxb1 31. a5 g6 1/2-1/2

[Event "Iberoamerican-ch 9th"]
[Site "Panama City"]
[Date "2023.11.25"]
[Round "1"]
[White "Thompson Ceballos, James"]
[Black "Alvarado Machado, Bryan Alberto"]
[Result "0-1"]
[WhiteElo "1712"]
[BlackElo "1268"]
[PlyCount "136"]
[EventDate "2023.11.25"]
[EventType "swiss"]
[EventRounds "9"]
[EventCountry "PAN"]
[SourceTitle "EXT 2025"]
[Source "ChessBase"]
[SourceDate "2024.10.14"]
[SourceVersion "1"]
[SourceVersionDate "2024.10.14"]
[SourceQuality "1"]

1. e4 e5 2. Nf3 Nc6 3. Bb5 a6 4. Ba4 Nf6 5. 0-0 b5 6. Bb3 Be7 7. Re1 0-0 8. c3 d5 9. d3 dxe4 10. dxe4 Bb7 11. Qe2 Bc5 12. Bg5 Re8 13. Nbd2 Qe7 14. Nf1 Na5 15. Bc2 Nc4 16. b4 Bb6 17. a4 c5 18. Ng3 h6 19. Nf5 Qe6 20. Bh4 Nd6 21. a5 Ba7 22. Nxd6 Qxd6 23. Rad1 Qe6 24. Bg3 cxb4 25. cxb4 Qe7 26. Bxe5 Qxb4 27. Bxf6 gxf6 28. Nh4 Bc8 29. Qh5 Qf8 30. Bb3 Be6 31. Bxe6 fxe6 32. Rd7 Re7 33. Ng6 Rxd7 34. Nxf8 Kxf8 35. Qxh6+ Kf7 36. Qf4 Rc8 37. e5 f5 38. Qh4 Rc2 39. Qf6+ Ke8 40. Qxe6+ Kd8 41. Qf6+ Kc7 42. Kh1 Bxf2 43. Rf1 Rc6 44. Qxf5 Ba7 45. e6 Re7 46. Re1 Rc5 47. Qf4+ Kb7 48. g4 Rc4 49. Qf3+ Kc7 50. Re2 Rc1+ 51. Qf1 Rxf1+ 52. Kg2 Rf2+ 53. Rxf2 Bxf2 54. Kxf2 Kd6 55. h4 Kxe6 56. Kf3 b4 57. Ke3 b3 58. Kd3 b2 59. Kc2 Rb7 60. Kb1 Ke5 61. h5 Kf4 62. h6 Kxg4 63. h7 Rxh7 64. Kxb2 Rh3 65. Ka2 Kf4 66. Kb2 Ke4 67. Ka2 Kd4 68. Kb2 Kc4 0-1